movies adapted from short stories - Statistics

General Stats
  • This quiz has been taken 10 times
  • The average score is 8 of 15
Answer Stats
year starring title story year author % Correct
1986 Jeff Goldblum The Fly 1957 George Langelaan
89%
2005 Heath Ledger Brokeback Mountain 1997 Annie Proulx
78%
2004 Hilary Swank Million Dollar Baby 2000 F.X. Toole
78%
2000 Guy Pearce Memento 2001 Jonathan Nolan
67%
1999 Christina Ricci Sleepy Hollow 1820 Washington Irving
67%
2008 Brad Pitt The Curious Case of Benjamin Button 1922 F. Scott Fitzgerald
67%
2013 Ben Stiller The Secret Life of Walter Mitty 1939 James Thurber
67%
1968 Keir Dullea 2001: A Space Odyssey 1951, 1953 Arthur C. Clarke
56%
1950 Bette Davis All About Eve 1946 Mary Orr
56%
1950 Toshiro Mifune Rashomon 1922 Ryūnosuke Akutagawa
56%
1954 James Stewart Rear Window 1942 Cornell Woolrich
56%
1938 Katharine Hepburn Bringing Up Baby 1937 Hagar Wilde
33%
1985 Jeffrey Combs Re-Animator 1922 H.P. Lovecraft
22%
2007 Russell Crowe 3:10 to Yuma 1953 Elmore Leonard
11%
1946 Ava Gardner The Killers 1927 Ernest Hemingway
11%
No matching quizzes found
Score Distribution
Percent of People with Each Score
Percentile by Number Answered
Your Score History
You have not taken this quiz